| 000 | 00885nam a22002417a 4500 | ||
|---|---|---|---|
| 999 |
_c93947 _d93947 |
||
| 003 | NALT | ||
| 005 | 20220808074013.0 | ||
| 008 | 171108b th ||||| |||| 00| f tha d | ||
| 020 | _a9786162930195 | ||
| 040 | _aNALT | ||
| 090 |
_aFIC _bม589ว 2555 |
||
| 100 | 0 |
_920125 _amu_mu_jung |
|
| 245 | 1 | 0 |
_aVirgin Killer รักมากมายนายเพลย์บอย / _cmu_mu_jung. |
| 246 | 1 | 1 | _aเวอร์เจิ้น คิลเลอร์ รักมากมายนายเพลย์บอย |
| 250 | _aพิมพ์ครั้งที่ 1 | ||
| 260 |
_aนนทบุรี : _bสตาร์เล็ท, _c2555. |
||
| 300 |
_a223 หน้า ; _c21 ซม. |
||
| 650 | 0 |
_aนวนิยายไทย _96428 |
|
| 850 | _aNALT | ||
| 942 |
_cFIC _2local |
||
| 998 |
_abijaya _bphon _cphon _j _kCRON CRON |
||